000
00330nam a2200157Ia 4500
003
RNL
008
090707b ii f a fnsan d
040
_a
RCL
100
_a
Noor, Sutinder Singh
245
_a
Kavita Rachna Virachna
260
_a
Delhi
260
_b
Shilalekh
260
_c
2009
300
_a
159p.
942
_c
BK
999
_c
22693
_d
22693